000 03277nam a22002657a 4500
005 20260214121401.0
008 260213b |||||||| |||| 00| 0 eng d
020 _a9788195770373
040 _cAL
082 _a174.4
_bGAUF
100 _aR R Gaur
_9254919
245 _aFoundation course in human values and professional ethics
250 _a3.
260 _aKanpur
_bUHV Publications
_c2023
300 _axxxvii,481p.
_bPB
_c24x18cm.
365 _aIN-2935
_b₹297.90
_c
_d₹499.00
_e27-01-2026
520 _aThis textbook, designed for a foundation course in Human Values and Professional Ethics : Presenting a universal approach to value education through self exploration, is an outcome of the long-drawn search, visualization and experimentation by the authors and their colleagues to evolve an effective and universally acceptable content and methodology for introducing value education in the present curricula of technical and other professional institutions. Thus, it is in response to a long-felt and urgent need to integrate education in human values with professional skills. A unique methodology focusing on the right understanding of the human reality vis-à-vis rest of existence has been systematically presented. This involves the discovery of the inherent harmony and co-existence in entire existence forming the basis of Universal Human Values and facilitating transformation towards holistic perception and ‘Human Consciousness’. Starting with identification of basic human aspirations as happiness and prosperity in continuity, the discussion is focused on the appropriate programme to fulfill these enabling to live a fulfilling life. Understanding harmony at various levels starting from the human beings and spanning up to the whole existence forms the core contents of value education in this book. Finally, the important implications of ‘right understanding’ in life and profession are adequately elaborated. Unlike the conventional treatment, the issues in professional ethics are analyzed in the context of right understanding thereby enabling the resolution of various ethical dilemmas. The main focus is on the development of ethical competence in the individual through right understanding. The book concludes by proposing salient steps to undertake the journey towards holistic and value-based living. Finally, it may be worth mentioning that the authors and the publisher consider the efforts towards integrating value education in the present education system as a mission. In this spirit, no royalty is being charged on this work and the price is kept as low as possible. In addition, an e-book version is freely available at no cost for facilitating wide-spread use of this innovative learning material. In the spirit of universalisation of knowledge for the well-being of all, we are making effort for the availability of this book to all unconditionally. An eCopy of this book is freely downloadable.
650 _a Business Ethics
_9254889
650 _aHarmony at Various Levels
_9254890
650 _aProfessional Ethics in the Light of Right Understanding
_9254891
650 _a Understanding Value Education
_9254892
700 _aAsthana, R
_9254844
700 _aBagaria, G P
_9254845
942 _2ddc
_cBK
999 _c240903
_d240903